Dream of Venice architecture (Record no. 63736)
[ view plain ]
| 000 -LEADER | |
|---|---|
| fixed length control field | 00893nam a22003137a 4500 |
| 003 - CONTROL NUMBER IDENTIFIER | |
| control field | CBULib |
| 005 - DATE AND TIME OF LATEST TRANSACTION | |
| control field | 20240924073815.0 |
| 008 - FIXED-LENGTH DATA ELEMENTS--GENERAL INFORMATION | |
| fixed length control field | 230206b |||||||| |||| 00| 0 eng d |
| 020 ## - INTERNATIONAL STANDARD BOOK NUMBER | |
| International Standard Book Number | 9780990772514 |
| 040 ## - CATALOGING SOURCE | |
| Original cataloging agency | CBULib |
| Transcribing agency | CBULib |
| Language of cataloging | English |
| Description conventions | rda |
| 041 ## - LANGUAGE CODE | |
| Language code of text/sound track or separate title | eng |
| 050 ## - LIBRARY OF CONGRESS CALL NUMBER | |
| Classification number | NA 1121.V4 Dec |
| 100 ## - MAIN ENTRY--PERSONAL NAME | |
| Personal name | De cal, Riccardo |
| 245 ## - TITLE STATEMENT | |
| Title | Dream of Venice architecture |
| Statement of responsibility, etc | / by Riccardo De Cal |
| 260 ## - PUBLICATION, DISTRIBUTION, ETC. (IMPRINT) | |
| Name of publisher, distributor, etc | Bella Figura : |
| Date of publication, distribution, etc | 2016 |
| Place of publication, distribution, etc | California, |
| 300 ## - PHYSICAL DESCRIPTION | |
| Other physical details | illustrations |
| 336 ## - CONTENT TYPE | |
| Source | rdacontent |
| Content type term | Text | |
| Content type code | txt |
| 337 ## - MEDIA TYPE | |
| Source | rdamedia |
| Media type term | Unmediated | |
| Media type code | n |
| 338 ## - CARRIER TYPE | |
| Source | rdacarrier |
| Carrier type term | Volume |
| Carrier type code | nc |
| 600 ## - SUBJECT ADDED ENTRY--PERSONAL NAME | |
| Personal name | DE CAL, RICCARDO |
| 600 ## - SUBJECT ADDED ENTRY--PERSONAL NAME | |
| Personal name | LOCKTOV, JoANN |
| 600 ## - SUBJECT ADDED ENTRY--PERSONAL NAME | |
| Personal name | GOY, RICHARD J. |
| 650 ## - SUBJECT ADDED ENTRY--TOPICAL TERM | |
| Source of heading or term | OCLC |
| Topical term or geographic name as entry element | ARCHITECTURAL PHOTOGRAPHY |
| 650 ## - SUBJECT ADDED ENTRY--TOPICAL TERM | |
| Source of heading or term | OCLC |
| Topical term or geographic name as entry element | ARCHITECTURE |
| 650 ## - SUBJECT ADDED ENTRY--TOPICAL TERM | |
| Source of heading or term | OCLC |
| Topical term or geographic name as entry element | ARCHITECTURE -- ITALY |
| 700 ## - ADDED ENTRY--PERSONAL NAME | |
| Personal name | Goy, Richard |
| 700 ## - ADDED ENTRY--PERSONAL NAME | |
| Personal name | Locktov, JoAnn |
| 942 ## - ADDED ENTRY ELEMENTS (KOHA) | |
| Koha item type | MONOGRAPH |
| Source of classification or shelving scheme | |
| Withdrawn status | Lost status | Source of classification or shelving scheme | Damaged status | Not for loan | Collection code | Permanent Location | Current Location | Shelving location | Date acquired | Source of acquisition | Full call number | Barcode | Date last seen | Copy number | Price effective from | Koha item type | Total Checkouts |
|---|---|---|---|---|---|---|---|---|---|---|---|---|---|---|---|---|---|
| Main Library Open Access Collection | CBU-MAIN LIBRARY, KITWE. | CBU-MAIN LIBRARY, KITWE. | General Stacks | 01/31/2023 | DON-BOOKAID | NA 1121.V4 Dec | 751862 | 01/31/2023 | 1 | 01/31/2023 | MONOGRAPH | ||||||
| Main Library Open Access Collection | CBU-MAIN LIBRARY, KITWE. | CBU-MAIN LIBRARY, KITWE. | General Stacks | 01/31/2023 | DON-BOOKAID | NA 1121.V4 Dec | 751863 | 02/06/2023 | 2 | 02/06/2023 | MONOGRAPH | ||||||
| CBU-Lusaka Campus | CBU- LUSAKA CAMPUS | CBU-MAIN LIBRARY, KITWE. | General Stacks | 09/24/2024 | DON-BOOKAID | NA 1121.V4 Dec | 752871 | 09/24/2024 | 3 | 09/24/2024 | MONOGRAPH | ||||||
| CBU-Lusaka Campus | CBU- LUSAKA CAMPUS | CBU-MAIN LIBRARY, KITWE. | General Stacks | 09/24/2024 | DON-BOOKAID | NA 1121.V4 Dec | 752867 | 09/24/2024 | 4 | 09/24/2024 | MONOGRAPH |